000 03556cam a22006374i 4500
003 PE-LiUPU
005 20250731165422.0
008 160114s2014 sp a r 000 0 spa d
020 _a841545290X
020 _a9788415452904
035 _a(Sirsi) i9788415452904
040 _aPL#
_bspa
_cPL#
_dI5B
_dOCLCQ
_dBNM
_dESUCM
_dPE-LiUPU
049 _aPRUA
050 4 _aQA
082 _a005.74
_bP45
_222
100 1 _aPérez López, César,
_d1955- ,
_eautor.
245 1 0 _aTécnicas de minería de datos e inteligencia de negocios :
_bIBM SPSS Modeler /
_cCésar Pérez López.
250 _a1a edición, 1a impresión.
264 1 _aMadrid :
_bGarceta Grupo Editorial,
_c2014.
300 _a456 páginas :
_bilustraciones ;
_c24 centímetros
336 _atext
_2rdacontent
337 _aunmediated
_2rdamedia
338 _avolume
_2rdacarrier
505 0 _aIntroducción a la minería de datos -- Entorno de trabajo de IBM SPSS Modeler -- Fase de selección en IBM SPSS Modeler -- Fase de exploración en minería de datos. Nodos exploratorios en IBM SPSS Modeler -- Fase de exploración con IBM SPSS Statistics -- Fase de modificación (transformación) en el proceso de minería de datos -- Fase de modelización en el proceso de minería de datos técnicas predictivas -- Fase de modelización en minería de datos. Árboles de decisión -- Fase de modelización en minería de datos. Redes neuronales -- Fase de modelización en minería de datos. Técnicas de segmentación -- Fase de modelización en minería de datos. Reglas de asociación -- Fase de modelización en minería de datos. Modelos automáticos y evaluación de modelos.
526 _aSEG44
526 _aSEG26
526 _aP151
526 _aP150
526 _aP149
526 _aP146
526 _aP145
526 _aP126
526 _aP125
526 _aP92
526 _aP75
526 _aP74
526 _aP27
526 _aP15
541 _g001-040344;
650 7 _aData mining.
_2embne
650 0 4 _aAnálisis de datos.
650 0 4 _aBases de datos
_xGestión.
650 0 4 _aSPSS (Programa de ordenador)
_xAplicaciones estadísticas.
653 _aSPSS (Archivo de ordenador)
910 _ajck
_b
_caqs
_d20160113
942 _2ddc
_cBOOK
949 _a005.74 P45
_wDEWEY
_c1
_i72439
_lCCODEBUL1
_mBUL
_p52.48
_r0
_sY
_tBOOK
_u2016-1-11
_xFCE
_PP04
_0COMPRA
_o.STAFF. Colección General
949 _a005.74 P45
_wDEWEY
_c2
_i72440
_lCCODEBUL1
_mBUL
_p52.48
_r0
_sY
_tBOOK
_u2016-1-11
_xFCE
_PP04
_0COMPRA
_o.STAFF. Colección General
949 _a005.74 P45
_wDEWEY
_c3
_i72441
_d2016-6-27
_e2016-6-20
_lCCODEBUL1
_mBUL
_n1
_p52.48
_r0
_sY
_tBOOK
_u2016-1-11
_xFCE
_PP04
_0COMPRA
_o.STAFF. Colección General
994 _aC0
_bPEPRU
596 _a1
999 _a005.74 P45
_wDEWEY
_c8414
_i72439
_d8414
_f2022-4-17
_g6
_lCCODEBUL1
_mBUL
_p52.48
_q1
_r1
_sY
_tBOOK
_u2016-1-11
_xFCE
_PP04
_0COMPRA
_o.STAFF. Colección General
999 _a005.74 P45
_wDEWEY
_c2
_i72440
_d2018-8-27
_f2022-4-17
_g6
_lCCODEBUL1
_mBUL
_p52.48
_q1
_r1
_sY
_tBOOK
_u2016-1-11
_xFCE
_PP04
_0COMPRA
_o.STAFF. Colección General
999 _a005.74 P45
_wDEWEY
_c3
_i72441
_d2016-6-27
_e2016-6-20
_f2022-4-17
_g6
_lCCODEBUL1
_mBUL
_n1
_p52.48
_r1
_sY
_tBOOK
_u2016-1-11
_xFCE
_PP04
_0COMPRA
_o.STAFF. Colección General
999 _a005.74 P45
_wDEWEY
_c4
_i75937
_d2019-10-23
_e2019-10-17
_f2019-12-10
_g4
_lDISCARD
_mBUL
_n5
_p10.60
_r1
_sY
_tBOOK
_u2017-5-19
_xSALUD
_PP69
_0COMPRA
_o.STAFF. Colección General Ciencias de la Salud
980 _81
_gALBERTO SANCHEZ Responsable de Automatización